Glosario del cobre

Salvato in:
Dettagli Bibliografici
Autore principale: Krassa, Pablo (Autore)
Natura: Libro
Lingua:spagnolo
Pubblicazione: Santiago Centro de Promoción de Usos del Cobre 1975
Soggetti:
Tags: Aggiungi Tag
Nessun Tag, puoi essere il primo ad aggiungerne!!

MARC

LEADER 00000nam a2200000 a 4500
001 UCZ7713
003 CL-VaPUC
008 960109e19750000CL |||||||||||||||||spa|d
082 0 4 |a 673.303  |b KRA  |2 21 
100 |a Krassa, Pablo  |e author  |9 365822 
245 1 0 |a Glosario del cobre 
300 |a 113 p 
942 |c BK 
945 |d 19960109 00:00:00  |a rleighto 
260 |a Santiago  |b Centro de Promoción de Usos del Cobre  |c 1975 
650 0 |a Cobre  |9 255767 
650 0 |a Diccionarios  |9 256200 
583 |a last modification  |c 19960109 00:00:00  |k Rodrigo Vera 
999 |c 243752  |d 243750